Online
Catalog

Miguel Ángel / (Record no. 36108)

MARC details
000 -CABECERA
campo de control de longitud fija 00929nam a2200241 a 4500
001 - NÚMERO DE CONTROL
campo de control 000036617
005 - FECHA Y HORA DE LA ÚLTIMA TRANSACCIÓN
campo de control 20200930075830.0
008 - DATOS DE LONGITUD FIJA--INFORMACIÓN GENERAL
campo de control de longitud fija 120123s1984 sp ac 000 0 spa d
040 ## - FUENTE DE LA CATALOGACIÓN
Centro catalogador/agencia de origen DO-SdBNP
Lengua de catalogación spa
Centro/agencia transcriptor BNPHU
082 ## - NÚMERO DE LA CLASIFICACIÓN DECIMAL DEWEY
Número de clasificación xxx
Número de documento/Ítem xxx
100 1# - ENTRADA PRINCIPAL--NOMBRE DE PERSONA
Nombre de persona Koch, Heinrich
9 (RLIN) 62906
240 10 - TÍTULO UNIFORME
Título uniforme Michelangelo
Lenguaje de la obra spa
245 10 - MENCIÓN DE TÍTULO
Título Miguel Ángel /
Mención de responsabilidad, etc. Heinrich Koch ; prólogo José Manuel Cruz Valdovinos ; traducción del alemán a cargo de Rosa Pilar Blanco Santos.
260 ## - PUBLICACIÓN, DISTRIBUCIÓN, ETC.
Lugar de publicación, distribución, etc. Barcelona :
Nombre del editor, distribuidor, etc. Salvat,
Fecha de publicación, distribución, etc. 1984.
300 ## - DESCRIPCIÓN FÍSICA
Extensión 191 p. :
Otras características físicas il., retrs. ;
Dimensiones 20 cm.
490 1# - MENCIÓN DE SERIE
Mención de serie Biblioteca Salvat de grandes biografías
Designación de volumen o secuencia 2
504 ## - NOTA DE BIBLIOGRAFÍA, ETC.
Nota de bibliografía, etc. Bibliografía : p. 191
600 14 - PUNTO DE ACCESO ADICIONAL DE MATERIA--NOMBRE DE PERSONA
Nombre de persona MICHELANGELO BUONARROTI,
Fechas asociadas al nombre 1475-1564
9 (RLIN) 62907
650 #4 - PUNTO DE ACCESO ADICIONAL DE MATERIA--TÉRMINO DE MATERIA
Término de materia o nombre geográfico como elemento de entrada Pintores
Subdivisión geográfica Itália
Subdivisión de forma BIOGRAFÍAS
9 (RLIN) 62908
700 12 - PUNTO DE ACCESO ADICIONAL--NOMBRE DE PERSONA
Nombre de persona Blanco Santos, Rosa Pilar
Término indicativo de función/relación tr.
9 (RLIN) 60240
700 12 - PUNTO DE ACCESO ADICIONAL--NOMBRE DE PERSONA
Nombre de persona Cruz Valdovinos, José Manuel
Término indicativo de función/relación pról.
9 (RLIN) 62118
830 #0 - PUNTO DE ACCESO ADICIONAL DE SERIE-TÍTULO UNIFORME
Título uniforme Biblioteca Salvat de grandes biografías
Número de parte o sección de la obra 2
9 (RLIN) 62909
Holdings
Estado de retiro Estado de pérdida Restricciones de uso No para préstamo Código de colección Localización permanente Ubicación/localización actual Ubicación en estantería Fecha de adquisición Número de inventario Total de préstamos Signatura topográfica completa Código de barras Fecha visto por última vez Precio válido a partir de Tipo de ítem Koha
      Excluido de préstamo Monografías: Libros y Folletos General General En catalogación 06.11.2013 LF1   xxx xxx 36617-60 25.06.2020 25.06.2020 No se presta

Powered by Koha